00338nam a2200121Ia 450000500170000000800410001708200130005810000230007124500250009426000620011930000130018150000220019420250430052853.0240331s9999 xx 000 0 und d bWICa891 aWickramarathne,J.S 0aPurathana sahithyaya aWellampitiyabLasana Muthirana silpiyo & Publishersc1986 a108 p ., aAncient Sakithiya